01241nam a2200241 i 4500001000700000003000900007005001700016008004100033100002800074245028800102260004900390300002900439490004400468546002200512594009400534594008200628650002900710700004600739830004900785852002300834999001900857952012300876189769ES-MaACL20250808062833.0191022s1950 sp |||| | spa d0 aNicolau, Miguel.98558210aSacrae theologiae summa b: iuxta constitutionem apostolicam "Deus scientiarum Dominus". n1. Theologia fundamentalis. Introductio in Theologiam. De revelatione christiana. De Ecclesia Christi. De Sacra Scriptura / cAuctoribus P. Michaele Nicolau, S.I..., P. Ioachim Salaverri, S.I. aMatriti : bLa Editorial Católica, c1950. aXIII, 1131 p. ; c20 cm.1 aBiblioteca de autores cristianos ; v61 aTexto en latín. aEn la anteport. : Patres Societatis Iesu Facultatum Theologicarum in Hispania Profesores. aEn la anteport. : Iuxta Constitutionem Apostolicam "Deus scientiarum Dominus"07aTeología2embne9174571 aSalaverri de la Torre, Joaquín.910178800aBiblioteca de autores cristianosv619178679 aES-MaACLjP-1032-1 c189769d189769 00104070aATENEOMbATENEOMcDEPO2d2019-10-22eSCl0oP-1032-1p1201219r2023-02-23 00:00:00w2023-02-23yMONOGRAFIA